000 01224nam a22001817a 4500
003 OSt
005 20240529123414.0
008 240529s2013 ag ||||| |||| 00| 1 spa d
020 _a9789871950058
040 _cbesoc
100 1 _aGarbatzky, Irina
245 1 0 _aMedio m2 de coexistencia /
_cIrina Garbatzky
260 _aRosario :
_bEl Ombú Bonsai,
_c2013
300 _a74 p.
520 _aMedio m2 de coexistencia es ese diario como si se tratará de una habitación que la resguarda. Allí, ella se encierra (o se abre) en un discurso melancólico -a veces de ironía-, para reflexionar en torno a sí misma y a ese otro mundo que, metaforizado en su familia, la atrae al mismo tiempo que la aleja, la incluye al mismo tiempo que la niega. En relación a esto, el diario abunda en imágenes poéticas que insisten en problematizar la condición de inmigrante, la Tierra Prometida -que se perfila como su reverso-, el discurso bélico que, en la lucha por defender sus fronteras, puede leerse como la metáfora de su propia existencia. Ella es, y no su familia. Ella es extranjera en todo lugar incluso, en sí misma.- [Nota del editor]
650 4 _aLiteratura argentina
_vDiarios íntimos
_ySiglo XXI
942 _2udc
_cOG
_n0
999 _c260
_d260